000
00238nam a22000977a 4500
008
160519b xxu||||| |||| 00| 0 eng d
041
_a
eng
080
_a
542
245
_a
Physical chemistry of surfaces;
_c
Arthur W, Adamson;
942
_2
udc
_c
BK
999
_c
2253
_d
2253